| Tag |
First Indicator |
Second Indicator |
Subfields |
| LEADER |
00000cam a2200000 i 4500 |
| 001 |
in00004149986 |
| 005 |
20211120105308.0 |
| 006 |
m o d f |
| 007 |
cr ||||||||||| |
| 008 |
200518s2020 dcu o f000 0 eng c |
| 019 |
|
|
|a 1182634233
|
| 024 |
8 |
|
|a 38-307
|q (GPO jacket number)
|
| 035 |
|
|
|a (OCoLC)on1154629787
|
| 042 |
|
|
|a pcc
|
| 043 |
|
|
|a n-us---
|
| 040 |
|
|
|a GPO
|b eng
|e rda
|e pn
|c GPO
|d OCLCF
|d GPO
|d DWP
|d GPO
|d MvI
|
| 049 |
|
|
|a WWW
|
| 050 |
|
4 |
|a KF27
|b .O963 2019h
|
| 074 |
|
|
|a 1016-C (online)
|
| 086 |
0 |
|
|a Y 4.OV 2:116-70
|
| 088 |
|
|
|a Serial no. 116-70 (United States. Congress. House. Committee on Oversight and Reform)
|
| 110 |
1 |
|
|a United States.
|b Congress.
|b House.
|b Committee on Oversight and Reform.
|b Subcommittee on Civil Rights and Civil Liberties,
|e author.
|
| 245 |
1 |
4 |
|a The administration's decision to deport critically ill children and their families :
|b hearing before the Subcommittee on Civil Rights and Civil Liberties of the Committee on Oversight and Reform, House of Representatives, One Hundred Sixteenth Congress, first session, October 30, 2019.
|
| 264 |
|
1 |
|a Washington :
|b U.S. Government Publishing Office,
|c 2020.
|
| 300 |
|
|
|a 1 online resource (iii, 55 pages)
|
| 336 |
|
|
|a text
|b txt
|2 rdacontent
|
| 337 |
|
|
|a computer
|b c
|2 rdamedia
|
| 338 |
|
|
|a online resource
|b cr
|2 rdacarrier
|
| 500 |
|
|
|a Access ID (govinfo): CHRG-116hhrg38307.
|
| 500 |
|
|
|a "Serial no. 116-70."
|
| 511 |
0 |
|
|a Hearing witnesses: Mr. Ken Cuccinelli, Acting Director, U.S. Citizenship and Immigration Services, U.S. Department of Homeland Security; Mr. Matthew Albence, Acting Director, U.S. Immigration and Customs Enforcement, U.S. Department of Homeland Security.
|
| 518 |
|
|
|a Date of hearing: 2019-10-30.
|
| 588 |
|
|
|a Description based on online resource; title from PDF title page (Govinfo, viewed May 18, 2020).
|
| 650 |
|
0 |
|a Immigrant children
|x Medical care
|z United States.
|
| 650 |
|
0 |
|a Immigrant youth
|x Medical care
|z United States.
|
| 650 |
|
0 |
|a Health services accessibility
|x Political aspects
|z United States.
|
| 650 |
|
0 |
|a Deported children
|x Health risk assessment
|x Government policy
|z United States.
|
| 650 |
|
0 |
|a Deportation
|x Health aspects
|z United States.
|
| 610 |
2 |
0 |
|a U.S. Citizenship and Immigration Services
|x Rules and practice.
|
| 610 |
2 |
0 |
|a U.S. Immigration and Customs Enforcement
|x Rules and practice.
|
| 610 |
2 |
7 |
|a U.S. Citizenship and Immigration Services.
|2 fast
|0 (OCoLC)fst01603041
|
| 610 |
2 |
7 |
|a U.S. Immigration and Customs Enforcement.
|2 fast
|0 (OCoLC)fst01692776
|
| 651 |
|
7 |
|a United States.
|2 fast
|0 (OCoLC)fst01204155
|
| 655 |
|
7 |
|a Legislative hearings.
|2 fast
|0 (OCoLC)fst01910825
|
| 655 |
|
7 |
|a Rules.
|2 fast
|0 (OCoLC)fst01423857
|
| 655 |
|
7 |
|a Legislative hearings.
|2 lcgft
|
| 776 |
0 |
8 |
|i Print version:
|a United States. Congress. House. Committee on Oversight and Reform. Subcommittee on Civil Rights and Civil Liberties.
|t Administration's decision to deport critically ill children and their families
|w (OCoLC)1159003211
|
| 776 |
0 |
8 |
|i Microfiche version:
|a United States. Congress. House. Committee on Oversight and Reform. Subcommittee on Civil Rights and Civil Liberties.
|t Administration's decision to deport critically ill children and their families
|w (OCoLC)1240505676
|
| 856 |
4 |
0 |
|3 PDF version
|u https://purl.fdlp.gov/GPO/gpo137959
|t 0
|
| 856 |
4 |
0 |
|3 Text version
|u https://purl.fdlp.gov/GPO/gpo137958
|t 0
|
| 999 |
f |
f |
|s 9a4775f1-daa0-3f0a-83f8-67ac3f30b286
|i f219b50c-9dbb-36bf-9fd0-b16aad4efe97
|t 0
|
| 952 |
f |
f |
|a Texas A&M University
|b College Station
|c Electronic Resources
|d Available Online
|t 0
|e Y 4.OV 2:116-70
|h Superintendent of Documents classification
|
| 998 |
f |
f |
|a Y 4.OV 2:116-70
|t 0
|l Available Online
|